00780nam a2200205 a 4500003000200000005001700002008004100019050003000060100002900090245008000119260009300199300004600292504004100338650003300379650003400412650003000446650002900476650003300505650003600538020250305124627.0090706s19uu xx 00 eng d aPGS RA 427.8b.Sn669 2009 aSnape, Joanna Pauline U. aHealth habits of the grade six students of SISC /cJoanna Pauline U. Snape. aLas Piñas City, Philippines : bSouthville International School and Colleges, c2009. a29 pages : billustrations ; c28 cm.  aIncludes bibliographical references. aHealth behavior in children. aChildrenvHealth and hygiene. aStudentsvHealth habits.  aEating habitsvChildren. aSocial behavior in children. aPhysical activity in children.